| 000 | 00608nam a2200217Ii 4500 | ||
|---|---|---|---|
| 003 | JO-AjNU | ||
| 008 | 230606s9999||||xx |||||||||||||| ||und|| | ||
| 020 | _a978-0-321-55268-6 | ||
| 040 |
_aJO-AjNU _beng _erda _cJO-AjNU |
||
| 041 | _aeng | ||
| 050 | 1 | 4 | _aQA76 |
| 100 | 3 |
_aViews,Beyond, _eauthor _93951 |
|
| 245 | 0 | 0 | _aDocumenting SoftWare Architectures |
| 250 | _a2 ed | ||
| 264 | 3 | 1 | _aPERson:chennai |
| 300 | _a536p | ||
| 336 |
_atext _btxt _2rdacontent |
||
| 337 |
_aunmediated _bn _2rdamedia |
||
| 338 |
_avolume _bnc _2rdacarrier |
||
| 650 | 4 |
_a Computer architecture. -software documention _93952 |
|
| 999 |
_aE2059 _c2058 _d2058 |
||